01011naa a2200229 i 4500001000400000003000400004005001700008008003900025040000800064041000800072044000800080100013600088245009900224260001000323500004200333655003000375700013400405711011300539773010100652942001300753999001500766BPPBPK20180427104519.0150601s2007 CZE f |100 0 eng cBPK aeng aCZE aHRYNIEWICZ, Tadeusz.d1996 - .bPolitechnika Koszalińska - Wydział Mechaniczny,cKatedra Elektrochemii i Technologii Powierzchni aMetal surface modification by magnetoelectropolishing /cT. Hryniewicz, R. Rokicki, K. Rokosz. c2007. aDane z bibliografii załącznikowej. 0aMateriały konferencyjne. aROKOSZ, Krzysztof.d2002 - .bPolitechnika Koszalińska - Wydział Mechaniczny,cKatedra Elektrochemii i Technologii Powierzchni aInternational Metallurgical and Materials Conference METAL 2007n(16 ;d2007 ;cHradec, Czechy).pMETAL 2007 iW :tProc. of the 16th International Metallurgical & Materials Conference METAL. -g2007, s. 1-8 cART2UKD c1153d1153